00205nam a22000977a 4500040000800000082001200008100001900020245004700039250001200086300000900098 cdlc a915.043 aGeroge Forster aA Journey from Bengal to England - Vol - 2 aVol - 2 a315p